Names Of Countries Translated Literally - Statistics

General Stats
  • This quiz has been taken 117 times
  • The average score is 6 of 15
Answer Stats
Hint Answer % Correct
Assyrian Syria
84%
Sun Origin Japan (日本)
80%
Black Mountain Montenegro
80%
White Ruthenia Belarus
67%
Central Country China (中国)
66%
South of the Yue Vietnam
41%
Gilberts Kiribati
39%
People's Land Germany (Deutschland)
31%
Lake Chad
27%
Resplendent Island Sri Lanka
18%
Fortress Built Near Water Kuwait
13%
Place of We Are Forty Kyrgyzstan
11%
White Lebanon
10%
Left Side Somalia
8%
Encampment Tunisia
6%
No matching quizzes found
Score Distribution
Percent of People with Each Score
Percentile by Number Answered
Your Score History
You have not taken this quiz